000 01321nam0a2200337 4500
001 RU\NLR\ONL2\17647
005 20250613131624.0
010 _a978-5-7091-0373-3
_91000
035 _a(NLR Aleph) 009665232
090 _a9633686
_c9633686
100 _a20100607d2008 |||y0rusy50 ca
101 0 _akhk
102 _aRU
105 _ac |||||||||
200 1 _aХакас литературазы
_e7 кл. тиксi угредiг шк. угренчiлерiне учебник
_f[авт.: Боргоякова М. П., Мамышева Н. А., Тиникова В. С., Толмашова Н. А., Топоев Р. П.]
210 _aАгбан
_cХакас кн. изд-во
_d2008
215 _a158 с.
_cил., портр.
_d22
541 1 _aХакасская литература
_eучебник для 7 кл.
_zrus
606 0 _aХакасская литература
_91213627
_3RU\NLR\auth\66492979
686 1 _aШ5(2=Х) я72
701 1 _aБоргоякова
_bМ. П.
_4070
701 1 _aМамышева
_bН. А.
_4070
701 1 _aТиникова
_bВ. С.
_4070
701 1 _aТолмашова
_bН. А.
_4070
701 1 _aТопоев
_bР. П.
_4070
801 0 _aRU
_bNLR
_c20100607
_gPSBO
852 _aNLR
_bОНЛ
_jХакас./3-581
942 _cBOOK
980 _aNB
980 _aONL_RF